Kursus operator telefon [

Bibliographic Details
Corporate Author: Institut Penilaian Negara
Format: Book
Published: Bangi : Institut Penilaian Negara , 1985
Subjects:

MARC

LEADER 00000cam a2200000 7i4500
001 0000006134
005 20111020.0
040 |a INS 
090 0 0 |a VCD 398 
245 1 0 |a Kursus operator telefon [  |h cakera video] 
260 |a Bangi :   |b Institut Penilaian Negara ,   |c 1985 
300 |a 1 cakera video (35 min.) :   |b by., wrn. ;   |c 4 3/4 in. 
500 |a Juga terdapat dalam format vhs : VHS 43 
650 0 |a Telephone operator   |x training of 
710 1 |a Institut Penilaian Negara 
999 |a VCD0000398   |b VIDEO CD   |c Media Collection   |e Default branch